000 00360nam a22001457a 4500
008 230718b ||||| |||| 00| 0 eng d
020 _a9781934319352
041 _aeng
080 _2SECOND EDITION
_a330.101
082 _a330.101.EAS
100 _a22
101 _aMBE
245 _aFINANCIAL ,ANAGERIAL ACCOUNTING FOR MBAs
_cEASTON .D .P
942 _2udc
_cBK
999 _c60161
_d60161